000 01233nam a2200313Ia 4500
003 GCL
008 140319s9999 xx 000 0 ara d
020 _a3148409977
040 _aGCL /
_cGCL
082 0 4 _aق
_b306.42
_bع ف
100 1 _aعبدالله العزباوى
245 1 0 _aالفكر المصرى فى القرن الثامن عشر بين الجمود والتجديد /
_cعبدالله العزباوى
250 _aالاولى
260 _aالقاهرة :
_bدار الشروق ،
_c2006
300 _a216 ص ؛
_c24 سم
490 _aسلسلة التاريخ : الجانب الاخر : اعادة قراءة للتاريخ المصرى
_v8
650 0 4 _aالمؤرخون المصريون
650 0 4 _aالجبرتى
650 0 4 _aالتأريخ
650 0 4 _aالتصوف - تاريخ
650 0 4 _aمصر - الاحوال الثقافية
650 0 4 _aمصر - جغرافيا
650 0 4 _aالتغير الاجتماعى - مصر
650 0 4 _aمصر - الاحوال الثقافية - القرن الثامن عشر
650 0 4 _aمصر - تاريخ - القرن الثامن عشر
650 0 4 _aعلم الفلك - مصر
650 0 4 _aالتصوف - مصر
942 _2ddc
_cBK
999 _c9613
_d9613